000 01285cam a2200349 i 4500
001 18924131
003 NUST
005 20220311104246.0
008 160104s2017 fluab b 001 0 eng
010 _a 2015050706
020 _a9781498762342
_q(hardcover)
038 _aSAIF
040 _aDLC
_beng
_cDLC
_erda
_dDLC
042 _apcc
043 _aah-----
050 0 0 _aTN113.H54
_bS66 2016
082 0 0 _a622.068
_223
_bSON
100 1 _aSoni, A. K.,
_eauthor.
_990564
245 1 0 _aMining in the Himalayas :
_ban integrated strategy /
_cA.K. Soni.
264 1 _aBoca Raton :
_bCRC Press, Taylor & Francis Group,
_c[2017]
300 _axix, 225 pages :
_billustrations (some color), maps ;
_c24 cm
336 _atext
_2rdacontent
337 _aunmediated
_2rdamedia
338 _avolume
_2rdacarrier
504 _aIncludes bibliographical references (pages 207-214) and index.
563 _aH.B
650 0 _aMining engineering
_zHimalaya Mountains Region.
_990565
650 0 _aMineral industries
_xEnvironmental aspects
_zHimalaya Mountains Region.
_990566
906 _a7
_bcbc
_corignew
_d1
_eecip
_f20
_gy-gencatlg
942 _2ddc
_cBK
999 _c588729
_d588729